<?xml version="1.0" encoding="UTF-8"?>
<record
    xmlns:xsi="http://www.w3.org/2001/XMLSchema-instance"
    xsi:schemaLocation="http://www.loc.gov/MARC21/slim http://www.loc.gov/standards/marcxml/schema/MARC21slim.xsd"
    xmlns="http://www.loc.gov/MARC21/slim">

  <leader>00633nam a2200205 b 4500</leader>
  <controlfield tag="003">3228</controlfield>
  <controlfield tag="005">20251007101809.0</controlfield>
  <controlfield tag="008">220630s9999    xx            000 0 und d</controlfield>
  <datafield tag="020" ind1=" " ind2=" ">
    <subfield code="a">9781920568740 (paperback)</subfield>
  </datafield>
  <datafield tag="040" ind1=" " ind2=" ">
    <subfield code="a">MPL</subfield>
    <subfield code="b">English</subfield>
    <subfield code="c">3228</subfield>
    <subfield code="e">RDA</subfield>
  </datafield>
  <datafield tag="041" ind1=" " ind2=" ">
    <subfield code="a">English</subfield>
  </datafield>
  <datafield tag="082" ind1=" " ind2=" ">
    <subfield code="a">ST 500.2 LOUW</subfield>
  </datafield>
  <datafield tag="100" ind1=" " ind2=" ">
    <subfield code="a">Louw, Retha</subfield>
    <subfield code="e">Author</subfield>
  </datafield>
  <datafield tag="245" ind1=" " ind2="0">
    <subfield code="a">Physical science: the answer series 3 in1  grade 12 CAPS /</subfield>
    <subfield code="c">Retha Louw</subfield>
  </datafield>
  <datafield tag="260" ind1=" " ind2=" ">
    <subfield code="a">Cape Town : </subfield>
    <subfield code="b">The Answer, </subfield>
    <subfield code="c">2021.</subfield>
  </datafield>
  <datafield tag="300" ind1=" " ind2=" ">
    <subfield code="a">xi, 270 pages :</subfield>
    <subfield code="b"> illustrations ; </subfield>
    <subfield code="c">30 cm. </subfield>
    <subfield code="e">+ 1 booklet (66 pages)</subfield>
  </datafield>
  <datafield tag="490" ind1=" " ind2=" ">
    <subfield code="a">The answer series</subfield>
  </datafield>
  <datafield tag="942" ind1=" " ind2=" ">
    <subfield code="2">ddc</subfield>
    <subfield code="c">BOOK</subfield>
    <subfield code="y">166</subfield>
    <subfield code="z">Thoko Moyakene</subfield>
  </datafield>
  <datafield tag="942" ind1=" " ind2=" ">
    <subfield code="c">BK</subfield>
    <subfield code="2">ddc</subfield>
  </datafield>
  <datafield tag="999" ind1=" " ind2=" ">
    <subfield code="c">700820</subfield>
    <subfield code="d">700819</subfield>
  </datafield>
  <datafield tag="952" ind1=" " ind2=" ">
    <subfield code="0">0</subfield>
    <subfield code="1">0</subfield>
    <subfield code="4">0</subfield>
    <subfield code="7">0</subfield>
    <subfield code="a">NAZAL</subfield>
    <subfield code="b">NAZAL</subfield>
    <subfield code="d">2022-07-02</subfield>
    <subfield code="g">147.35</subfield>
    <subfield code="l">0</subfield>
    <subfield code="p">33809000380985</subfield>
    <subfield code="r">2022-07-02</subfield>
    <subfield code="w">2022-07-02</subfield>
    <subfield code="y">BK</subfield>
    <subfield code="z">221/18</subfield>
  </datafield>
  <datafield tag="952" ind1=" " ind2=" ">
    <subfield code="0">0</subfield>
    <subfield code="1">0</subfield>
    <subfield code="2">ddc</subfield>
    <subfield code="4">0</subfield>
    <subfield code="7">0</subfield>
    <subfield code="8">500</subfield>
    <subfield code="a">KWAML</subfield>
    <subfield code="b">DELML</subfield>
    <subfield code="d">2025-09-02</subfield>
    <subfield code="l">0</subfield>
    <subfield code="o">ST 500.2 LOUW</subfield>
    <subfield code="p">33228031085857</subfield>
    <subfield code="r">2025-09-02</subfield>
    <subfield code="w">2025-09-02</subfield>
    <subfield code="y">BK</subfield>
  </datafield>
  <datafield tag="952" ind1=" " ind2=" ">
    <subfield code="0">0</subfield>
    <subfield code="1">0</subfield>
    <subfield code="2">ddc</subfield>
    <subfield code="4">0</subfield>
    <subfield code="7">0</subfield>
    <subfield code="8">500</subfield>
    <subfield code="a">KWAML</subfield>
    <subfield code="b">MAPHL</subfield>
    <subfield code="c">Non_Fiction</subfield>
    <subfield code="d">2025-09-16</subfield>
    <subfield code="l">0</subfield>
    <subfield code="o">ST 530 LOUW</subfield>
    <subfield code="p">33228024463950</subfield>
    <subfield code="r">2025-09-16</subfield>
    <subfield code="w">2025-09-16</subfield>
    <subfield code="y">BOOK | BK</subfield>
  </datafield>
  <datafield tag="952" ind1=" " ind2=" ">
    <subfield code="0">0</subfield>
    <subfield code="1">0</subfield>
    <subfield code="2">ddc</subfield>
    <subfield code="4">0</subfield>
    <subfield code="7">0</subfield>
    <subfield code="8">ST</subfield>
    <subfield code="a">KWAML</subfield>
    <subfield code="b">KWAPL</subfield>
    <subfield code="c">Non_Fiction</subfield>
    <subfield code="d">2025-10-02</subfield>
    <subfield code="g">254.95</subfield>
    <subfield code="l">0</subfield>
    <subfield code="o">ST 500.2 LOUW</subfield>
    <subfield code="p">33228031083910</subfield>
    <subfield code="r">2025-10-02</subfield>
    <subfield code="w">2025-10-02</subfield>
    <subfield code="y">BOOK</subfield>
  </datafield>
  <datafield tag="952" ind1=" " ind2=" ">
    <subfield code="0">0</subfield>
    <subfield code="1">0</subfield>
    <subfield code="2">ddc</subfield>
    <subfield code="4">0</subfield>
    <subfield code="7">0</subfield>
    <subfield code="8">500</subfield>
    <subfield code="a">LIBAL</subfield>
    <subfield code="b">LIBAL</subfield>
    <subfield code="c">Non_Fiction</subfield>
    <subfield code="d">2025-12-04</subfield>
    <subfield code="l">0</subfield>
    <subfield code="o">ST 500.2 LOUW</subfield>
    <subfield code="p">33228024460881</subfield>
    <subfield code="r">2025-12-04</subfield>
    <subfield code="w">2025-12-04</subfield>
    <subfield code="y">BOOK | BK</subfield>
  </datafield>
  <datafield tag="952" ind1=" " ind2=" ">
    <subfield code="0">0</subfield>
    <subfield code="1">0</subfield>
    <subfield code="2">ddc</subfield>
    <subfield code="4">0</subfield>
    <subfield code="7">0</subfield>
    <subfield code="8">500</subfield>
    <subfield code="a">STANRL</subfield>
    <subfield code="b">EVANL</subfield>
    <subfield code="c">Non_Fiction</subfield>
    <subfield code="d">2026-05-18</subfield>
    <subfield code="l">0</subfield>
    <subfield code="o">ST 500.2 LOUW</subfield>
    <subfield code="p">3228200044819</subfield>
    <subfield code="r">2026-05-18</subfield>
    <subfield code="w">0000-00-00</subfield>
    <subfield code="y">BK</subfield>
  </datafield>
  <datafield tag="952" ind1=" " ind2=" ">
    <subfield code="0">0</subfield>
    <subfield code="1">0</subfield>
    <subfield code="2">ddc</subfield>
    <subfield code="4">0</subfield>
    <subfield code="7">0</subfield>
    <subfield code="8">500</subfield>
    <subfield code="a">STANRL</subfield>
    <subfield code="b">EVANL</subfield>
    <subfield code="c">Non_Fiction</subfield>
    <subfield code="d">2026-05-19</subfield>
    <subfield code="l">0</subfield>
    <subfield code="o">ST 500.2076 LOUW</subfield>
    <subfield code="p">3228200044820</subfield>
    <subfield code="r">2026-05-19</subfield>
    <subfield code="w">0000-00-00</subfield>
    <subfield code="y">BK</subfield>
  </datafield>
  <datafield tag="952" ind1=" " ind2=" ">
    <subfield code="0">0</subfield>
    <subfield code="1">0</subfield>
    <subfield code="2">ddc</subfield>
    <subfield code="4">0</subfield>
    <subfield code="7">0</subfield>
    <subfield code="8">500</subfield>
    <subfield code="a">STANRL</subfield>
    <subfield code="b">EMIZL</subfield>
    <subfield code="c">Non_Fiction</subfield>
    <subfield code="d">2026-05-19</subfield>
    <subfield code="l">0</subfield>
    <subfield code="o">ST 500.2076 LOUW</subfield>
    <subfield code="p">3228200044821</subfield>
    <subfield code="r">2026-05-19</subfield>
    <subfield code="w">0000-00-00</subfield>
    <subfield code="y">BK</subfield>
  </datafield>
  <datafield tag="952" ind1=" " ind2=" ">
    <subfield code="0">0</subfield>
    <subfield code="1">0</subfield>
    <subfield code="2">ddc</subfield>
    <subfield code="4">0</subfield>
    <subfield code="7">0</subfield>
    <subfield code="8">300</subfield>
    <subfield code="a">STANRL</subfield>
    <subfield code="b">STANL</subfield>
    <subfield code="c">Non_Fiction</subfield>
    <subfield code="d">2026-06-19</subfield>
    <subfield code="l">0</subfield>
    <subfield code="o">ST 500.2 LOUW</subfield>
    <subfield code="p">3228200044822</subfield>
    <subfield code="r">2026-06-19</subfield>
    <subfield code="w">2026-06-19</subfield>
    <subfield code="y">BOOK</subfield>
  </datafield>
</record>
